Les plus gros transferts du football - Saison 2012-2013 - Statistiques

Statistiques générales
  • Ce quiz a été pris 143 fois
  • Le résultat moyen est 7 sur 10
Statistiques - réponses
Montant de transfert (M €) Nationalité Venant de Allant à Joueur % Correct
42,00 Brésil AC Milan Paris SG Thiago Silva
97%
35,00 Belgique LOSC Lille Chelsea Eden Hazard
95%
35,00 Croatie Tottenham Real Madrid Luka Modric
94%
30,70 Pays-Bas Arsenal Manchester United Robin van Persie
87%
40,00 Brésil FC Porto Zenit S-Pb Hulk
83%
40,00 Brésil FC São Paulo Paris SG Lucas Moura
73%
40,00 Espagne Athletic Bayern Munich Javi Martínez
63%
40,00 Belgique Benfica Zenit S-Pb Axel Witsel
58%
32,00 Brésil Internacional Chelsea Oscar
57%
35,00 Brésil Shakhtar D. Anzhi Willian
29%
Aucun quiz correspondant
Distribution des résultats
% des personnes avec chaque résultat
Percentile par nombre de réponses
Votre historique - résultats
Vous n’avez pas pris ce quiz